[Event "CAN-ch U10"]
[Site "Ottawa"]
[Date "2013.07.12"]
[Round "5"]
[White "Reny, Alex"]
[Black "Jia, Yu Luo"]
[Result "1-0"]
[WhiteElo "1067"]
[BlackElo "770"]
[PlyCount "99"]
[EventDate "2013.07.10"]
[EventType "swiss"]
[EventRounds "6"]
[EventCountry "CAN"]
[SourceTitle "EXT 2022"]
[Source "ChessBase"]
[SourceDate "2021.10.06"]
[SourceVersion "1"]
[SourceVersionDate "2021.10.06"]
[SourceQuality "1"]

1. e4 e5 2. Nf3 Nc6 3. Bb5 Nf6 4. Nc3 Bc5 5. 0-0 0-0 6. d3 a6 7. Ba4 b5 8. Bb3 d6 9. h3 Nh5 10. Nxe5 Nxe5 11. Qxh5 b4 12. Nd5 Be6 13. Be3 Bxd5 14. Bxd5 c6 15. Bb3 Ng6 16. Bxc5 dxc5 17. Qxc5 Nh4 18. Qe3 Re8 19. Qf4 g5 20. Qxf7+ Kh8 21. d4 Rxe4 22. c3 Re7 23. Qf6+ Rg7 24. Qxd8+ Rxd8 25. Rfe1 g4 26. Re3 gxh3 27. g3 Nf5 28. Rf3 Rf8 29. Re1 h5 30. Rxf5 Rxf5 31. Re8+ Kh7 32. Bc2 bxc3 33. Bxf5+ Kh6 34. bxc3 Kg5 35. Re5 Kf6 36. Bxh3 h4 37. Re6+ Kf7 38. Rxc6 Rg5 39. Kh2 hxg3+ 40. fxg3 Ra5 41. Be6+ Ke7 42. Bb3 Rh5+ 43. Kg2 a5 44. Rc7+ Kd6 45. Ra7 Kc6 46. d5+ Kb6 47. Ra8 Kc5 48. Bc2 Kc4 49. d6 Rh7 50. Bxh7 1-0

[Event "CAN-ch U10"]
[Site "Vancouver"]
[Date "2012.07.06"]
[Round "7"]
[White "Chung, Alec"]
[Black "Reny, Alex"]
[Result "1-0"]
[WhiteElo "663"]
[BlackElo "977"]
[PlyCount "97"]
[EventDate "2012.07.03"]
[EventType "swiss"]
[EventRounds "7"]
[EventCountry "CAN"]
[SourceTitle "EXT 2022"]
[Source "ChessBase"]
[SourceDate "2021.10.06"]
[SourceVersion "1"]
[SourceVersionDate "2021.10.06"]
[SourceQuality "1"]

1. b3 e5 2. Bb2 Nc6 3. c4 Nf6 4. e3 d5 5. cxd5 Nxd5 6. Nc3 Be6 7. Be2 Be7 8. Nf3 f6 9. 0-0 0-0 10. Rc1 Qd7 11. a3 Rad8 12. d4 Nb6 13. Nb1 e4 14. Nfd2 f5 15. f3 Bd5 16. Nc3 Bg5 17. f4 Be7 18. Bc4 Nxc4 19. bxc4 Bf7 20. c5 Be8 21. Qc2 Nxd4 22. exd4 Qxd4+ 23. Kh1 Qxd2 24. Qxd2 Rxd2 25. Nd1 Bh5 26. Bc3 Rxd1 27. Rcxd1 Bxd1 28. Rxd1 Rd8 29. Rxd8+ Bxd8 30. Kg1 Be7 31. Bb4 Kf7 32. Kf2 Ke6 33. Ke3 Kd5 34. c6 Kxc6 35. Bxe7 Kb5 36. g4 fxg4 37. Kxe4 c5 38. Kd3 c4+ 39. Kc3 a5 40. f5 Ka4 41. Kxc4 b5+ 42. Kc3 h5 43. Bf8 b4+ 44. axb4 axb4+ 45. Bxb4 h4 46. Bd6 Kb5 47. Kd4 Kc6 48. Bf4 Kd7 49. Be5 1-0

[Event "CAN-ch U10"]
[Site "Vancouver"]
[Date "2012.07.05"]
[Round "5"]
[White "Reny, Alex"]
[Black "Madokoro, Aidan"]
[Result "1/2-1/2"]
[WhiteElo "977"]
[BlackElo "788"]
[PlyCount "118"]
[EventDate "2012.07.03"]
[EventType "swiss"]
[EventRounds "7"]
[EventCountry "CAN"]
[SourceTitle "EXT 2022"]
[Source "ChessBase"]
[SourceDate "2021.10.06"]
[SourceVersion "1"]
[SourceVersionDate "2021.10.06"]
[SourceQuality "1"]

1. e4 c5 2. Nf3 e6 3. d4 cxd4 4. Nxd4 a6 5. Nc3 Qc7 6. Bd3 b5 7. 0-0 Bd6 8. Nf3 Nf6 9. h3 Bb7 10. Re1 Nc6 11. Qe2 Ne5 12. Nxe5 Bxe5 13. Bd2 0-0-0 14. Rac1 Rdg8 15. Qe3 Bc6 16. f4 Bxc3 17. Bxc3 d5 18. Be5 Qb7 19. Qc5 Nd7 20. Qd6 Nxe5 21. Qxe5 Qa7+ 22. Kh2 Qc7 23. Qxc7+ Kxc7 24. Re3 g5 25. f5 e5 26. exd5 Bxd5 27. Rxe5 Bb7 28. Re7+ Kb6 29. Rxf7 g4 30. h4 g3+ 31. Kg1 Rg4 32. Rf6+ Ka7 33. Re1 Rxh4 34. Re7 Rh2 35. Bf1 Rh4 36. Rff7 Rb8 37. Rxh7 Rxh7 38. Rxh7 Rc8 39. f6 Rf8 40. f7 Bd5 41. Rg7 Bxf7 42. Rxg3 Bxa2 43. b3 Bb1 44. Bd3 Rc8 45. Rg7+ Kb6 46. b4 Bxc2 47. Bxc2 Rxc2 48. Rf7 Rb2 49. Rf6+ Kb7 50. Rf7+ Kc8 51. Rf8+ Kd7 52. Ra8 Rxb4 53. Rxa6 Kc7 54. Kh2 Rc4 55. Rg6 b4 56. Rf6 b3 57. Rf3 Rg4 58. Rf1 b2 59. Rb1 Kc6 1/2-1/2

[Event "CAN-ch U10"]
[Site "Vancouver"]
[Date "2012.07.04"]
[Round "3"]
[White "Reny, Alex"]
[Black "Zhang, Clark"]
[Result "1-0"]
[WhiteElo "977"]
[BlackElo "1013"]
[PlyCount "52"]
[EventDate "2012.07.03"]
[EventType "swiss"]
[EventRounds "7"]
[EventCountry "CAN"]
[SourceTitle "EXT 2022"]
[Source "ChessBase"]
[SourceDate "2021.10.06"]
[SourceVersion "1"]
[SourceVersionDate "2021.10.06"]
[SourceQuality "1"]

1. e4 e5 2. Nf3 Nc6 3. Bb5 Bc5 4. 0-0 d6 5. h3 a6 6. Ba4 b5 7. Bb3 Nf6 8. d3 0-0 9. Bg5 h6 10. Bh4 Bb7 11. Nc3 Na5 12. Nd5 Nxb3 13. Nxf6+ gxf6 14. axb3 Kh8 15. Nd2 Kh7 16. Qf3 Kg7 17. Qg4+ Kh7 18. Qf5+ Kg7 19. c3 Bc8 20. Qh5 Qe7 21. b4 Bb6 22. Rfe1 Qe6 23. Re2 f5 24. g3 fxe4 25. Rxe4 Qxh3 26. Rae1 Bb7 1-0